Сказки и песни, рожденные в дороге: цыганский фольклор: пер. с цыганского

Detalhes bibliográficos
Outros Autores: Друц Е. А. Ефим Адольфович (переводчик), Гесслер А.
Idioma:russo
Publicado em: Москва, Наука, 1985
Assuntos:
Formato: MixedMaterials Livro
KOHA link:https://koha.lib.tpu.ru/cgi-bin/koha/opac-detail.pl?biblionumber=156838

MARC

LEADER 00000nam0a2200000 4500
001 156838
005 20231031153423.0
020 |a RU  |b 85-41800 
035 |a (RuTPU)RU\TPU\book\170089 
090 |a 156838 
100 |a 20090331d1985 m y0rusy5003 ca 
101 1 |a rus  |c rus 
102 |a RU 
105 |a a z 001ay 
200 1 |a Сказки и песни, рожденные в дороге: цыганский фольклор  |e пер. с цыганского  |f пер. Е. А. Друц ; пер. А. Гесслер 
210 |a Москва  |c Наука  |d 1985 
215 |a 520 с.  |c нот. ил. 
320 |a Библиогр.: с. 498-499 
610 1 |a цыганский фольклор 
610 1 |a проза 
610 1 |a песни 
610 1 |a ноты 
675 |a 811  |v 3 
702 1 |a Друц  |b Е. А.  |g Ефим Адольфович  |4 730 
702 1 |a Гесслер  |b А.  |4 730 
801 0 |a RU  |b RuMRKP  |c 19950704  |g psbo 
801 1 |a RU  |b 63413507  |c 20090331  |g PSBO 
801 2 |a RU  |b 63413507  |c 20200915  |g PSBO 
942 |c BK